000 00637cab a2200229 4500
001 ABS55633
008 090401t1996 xxu||||| |||| 00| 0 eng d
035 _a(Sirsi) u17671
041 _aeng
100 _aFindley, C.
245 _aObtaining tax relief for woodlands expenditure
260 _c1996
350 _a0
490 _aCountry Landowner
_vAugust 1996, 20-21(2)
520 _aIllustrates through specific examples that woodland held in trust may still be eligible for tax relief.
650 _aTAX RELIEF
650 _aWOODLAND
690 _aTAXATION
700 _aEdwards, T.
942 _n0
948 _c04/03/1997
999 _c11718
_d11718